| 000 | 01765cam a22003974a 4500 | ||
|---|---|---|---|
| 999 |
_c6508 _d6508 |
||
| 001 | 12086336 | ||
| 003 | GZU | ||
| 005 | 20210426105651.0 | ||
| 008 | 000629s2000 enk b 001 0 eng | ||
| 010 | _a 00043615 | ||
| 020 | _a1856499006 (Pb) | ||
| 020 | _a1856498999 (Hb) | ||
| 040 |
_aDLC _cDLC _dDLC |
||
| 041 | 1 |
_aeng _hfre |
|
| 042 | _apcc | ||
| 050 | 0 | 0 |
_aQK900 _bALI 2000 |
| 082 | 0 | 0 |
_a631.5/233 _221 |
| 100 | 1 |
_aBrac de la Perrière, Robert Ali. _eauthor |
|
| 245 | 1 | 0 |
_aBrave new seeds : _bthe threat of transgenic crops to farmers in the south / _cRobert Ali Brac de la Perrière & Franck Seuret ; translated by Manisha Sovani & Vijaya Rao. |
| 260 |
_aLondon ; _aNew York : _bZed Books : _bDistributed in the USA exclusively by St. Martin's Press, _c2000. |
||
| 300 |
_axii, 147 p. ; _c20 cm. |
||
| 490 | 1 | _aGlobal issues | |
| 500 | _aIncludes bibliographical references . | ||
| 504 | _aIncludes bibliographical references (p. 125-126). | ||
| 650 | 0 | _aTransgenic plants. | |
| 650 | 0 |
_aPlant genetic engineering _xMoral and ethical aspects. |
|
| 650 | 0 |
_aCrops _xGenetic engineering _xEnvironmental aspects. |
|
| 700 | 1 | _aSeuret, Franck. | |
| 830 | 0 | _aGlobal issues series (Zed Books) | |
| 856 | 4 | 2 |
_3Contributor biographical information _uhttp://www.loc.gov/catdir/bios/hol058/00043615.html |
| 856 | 4 | 2 |
_3Publisher description _uhttp://www.loc.gov/catdir/description/hol051/00043615.html |
| 856 | 4 | 1 |
_3Table of contents _uhttp://www.loc.gov/catdir/toc/hol051/00043615.html |
| 906 |
_a7 _bcbc _corignew _d1 _eocip _f19 _gy-gencatlg |
||
| 942 |
_2lcc _cBK _h900 _iALI _kQK |
||